000 00990nas a2200313 4500
001 BR0603118
003 BR-BrBNA
005 20231205110133.0
007 ta
008 230509b bl.|||p| |||| 00| 00por d
040 _aBR-BrBNA
_bpor
_cBiblioteca Nacional de Agricultura
041 _a(En)
072 _aL73
100 1 _aOgawa, L.
100 1 _aFreire, R.L.
100 1 _aVidotto, O.
100 1 _aGondim, L.F.P.
100 1 _aNavaro, I.T.
245 1 _aOccurrence of antibiodies to Neospora canunum and Toxoplasma gondii in dairy cattle from the northern region of the Paraná State, Brazil
650 _aGADO LEITEIRO
650 _aNEOSPORA CANINUM
650 _aVÍRUS
650 _aTOXOPLASMA GONDII
650 _aPROTOZOÁRIO
650 _aANTICORPO
773 0 _tArquivo Brasileiro de Medicina Veterinária e Zootecnia (Brazil)
_xISSN 0102-0935
_g(Jun 2005), v. 57(3) p. 312-316
_wBR0603118
909 _a202311
_bLúcia
_c55
_dLúcia Elande
942 _2AGRIS
_n0
_cANA
999 _c186318
_d186318